Central Library OPAC University of Rajshahi

Colette / (Record no. 23283)

MARC details
000 -LEADER
fixed length control field 00743aam a2200265 a 4500
001 - CONTROL NUMBER
control field 23283
003 - CONTROL NUMBER IDENTIFIER
rucl marc code BD-RjUL
005 - DATE AND TIME OF LATEST TRANSACTION
control field 20211209000919.0
008 - FIXED-LENGTH DATA ELEMENTS--GENERAL INFORMATION
fixed length control field 140310t1961 stk 000 0 eng d
035 ## - SYSTEM CONTROL NUMBER
System control number (BD-RjUL)23348
040 ## - CATALOGING SOURCE
Original cataloging agency OSU
Transcribing agency OSU
Modifying agency UKM
-- BD-RjUL
-- EQO
Language of cataloging eng
041 ## - LANGUAGE CODE
Language code of text/sound track or separate title eng
082 14 - DEWEY DECIMAL CLASSIFICATION NUMBER
Classification number 843.91
Edition number 18
Author mark and year DAC 1961
090 ## - LOCALLY ASSIGNED LC-TYPE CALL NUMBER (OCLC); LOCAL CALL NUMBER (OCLC)
Classification number (OCLC) (R) ; Classification number, CALL (RLIN) (NR) PQ2605.O28
Local cutter number (OCLC) ; Book number/undivided call number, CALL (RLIN) Z8 D3
099 ## - LOCAL FREE-TEXT CALL NUMBER (OCLC)
Bangla Class number *ML GB.COL6 - 7 - G1
100 1# - MAIN ENTRY--PERSONAL NAME
Personal name Davies, Margaret,
Dates associated with a name 1923-
9 (RLIN) 71773
245 10 - TITLE STATEMENT
Title Colette /
Statement of responsibility, etc. Margaret Davies.
260 ## - PUBLICATION, DISTRIBUTION, ETC. (IMPRINT)
Place of publication, distribution, etc. Edinburgh :
Name of publisher, distributor, etc. Oliver and Boyd,
Date of publication, distribution, etc. c1961.
300 ## - PHYSICAL DESCRIPTION
Pagination 120 p. ;
Size 18 cm.
504 ## - BIBLIOGRAPHY, ETC. NOTE
Bibliography, etc Bibliography: p. [115]-120
600 00 - SUBJECT ADDED ENTRY--PERSONAL NAME
Personal name Colette,
Dates associated with a name 1873-1954.
830 #0 - SERIES ADDED ENTRY--UNIFORM TITLE
Uniform title Writers and critics
942 ## - ADDED ENTRY ELEMENTS (KOHA)
Source of classification or shelving scheme Dewey Decimal Classification
Koha item type Books
Holdings
Lost status Source of classification or shelving scheme Damaged status Not for loan Collection code Permanent Location Current Location Shelving location Date acquired Source of acquisition Cost, normal purchase price Total Checkouts Full call number Date last seen Copy number Koha item type
  Dewey Decimal Classification   Added to bundle Fiction Central Library, University of Rajshahi Central Library, University of Rajshahi Reading Room 13/04/1964 Zeitlinger 5.00   843.91 DAC 1961 10/03/2014 C-1 Books